Zaviya-3 (Record no. 63315)

000 -LEADER
fixed length control field 00652nam a22002057a 4500
003 - CONTROL NUMBER IDENTIFIER
control field NUST - PNEC
005 - DATE AND TIME OF LATEST TRANSACTION
control field 20170116180809.0
008 - FIXED-LENGTH DATA ELEMENTS--GENERAL INFORMATION
fixed length control field 150427b xxu||||| |||| 00| 0 eng d
020 ## - INTERNATIONAL STANDARD BOOK NUMBER
International Standard Book Number 9693518853
020 ## - INTERNATIONAL STANDARD BOOK NUMBER
International Standard Book Number 9789693518856
040 ## - CATALOGING SOURCE
Transcribing agency LIBRARY
082 ## - DEWEY DECIMAL CLASSIFICATION NUMBER
Classification number 370 ASH
100 ## - MAIN ENTRY--PERSONAL NAME
9 (RLIN) 3228
Personal name Ashfaq Ahmed
245 ## - TITLE STATEMENT
Title Zaviya-3
Statement of responsibility, etc. Ashfaq Ahmed
260 ## - PUBLICATION, DISTRIBUTION, ETC.
Place of publication, distribution, etc. Lahore:
Name of publisher, distributor, etc. Sang-e-Meel Publications;
Date of publication, distribution, etc. 2015
300 ## - PHYSICAL DESCRIPTION
Extent 320 p. :
Dimensions 25 cm.
650 ## - SUBJECT ADDED ENTRY--TOPICAL TERM
9 (RLIN) 16312
Topical term or geographic name entry element Islam-Spirtuslism
General subdivision General
856 ## - ELECTRONIC LOCATION AND ACCESS
Uniform Resource Identifier <a href="http://www.amazon.com/Zaawia-Vol-Urdu-Ashfaq-Ahmad/dp/9693518853/ref=sr_1_1?s=books&ie=UTF8&qid=1454999838&sr=1-1&keywords=9693518853">http://www.amazon.com/Zaawia-Vol-Urdu-Ashfaq-Ahmad/dp/9693518853/ref=sr_1_1?s=books&ie=UTF8&qid=1454999838&sr=1-1&keywords=9693518853</a>
942 ## - ADDED ENTRY ELEMENTS (KOHA)
Source of classification or shelving scheme
Koha item type Book
Holdings
Withdrawn status Lost status Source of classification or shelving scheme Damaged status Not for loan Permanent Location Current Location Shelving location Date acquired Source of acquisition Total Checkouts Full call number Barcode Date last seen Price effective from Koha item type Date last checked out Materials specified (bound volume or other part) Cost, normal purchase price Cost, replacement price
          Pakistan Navy Engineering College (PNEC) Pakistan Navy Engineering College (PNEC)   06/27/2013 Donated   370 ASH PNECLIB-031427 04/27/2015   Book        
          Pakistan Navy Engineering College (PNEC) Pakistan Navy Engineering College (PNEC)     Donated 1 370 ASH PNECLIB-031234 03/14/2016   Book 03/14/2016      
          Pakistan Navy Engineering College (PNEC) Pakistan Navy Engineering College (PNEC)   12/09/2015 Ayas Distributors/Library grant   370 ASH PNECLIB-032606 02/09/2016 12/09/2015 Book   Hardbound 716.00 716.00
© 2023 Central Library, National University of Sciences and Technology. All Rights Reserved.